Η ανάδειξη και η διαχείριση της τάφρου της μεσαιωνικής πόλης της Ρόδου The display and management of the medieval town of Rhodes
Αποθηκεύτηκε σε:
| Κύριος συγγραφέας: | |
|---|---|
| Μορφή: | Βιβλίο |
| Γλώσσα: | Greek English |
| Δημοσίευση: |
[Ρόδος] :
Υπουργείο Πολιτισμού, Ταμείο Αρχαιολογικών Πόρων και Απαλλοτριώσεων,
[200?].
|
| Θέματα: | |
| Ετικέτες: |
Προσθήκη ετικέτας
Δεν υπάρχουν, Καταχωρήστε ετικέτα πρώτοι!
|
MARC
| LEADER | 00000cam a2200000 i 4500 | ||
|---|---|---|---|
| 001 | 1/40263 | ||
| 008 | 070123s2000 gr | ||| |||| ||gre|| | ||
| 035 | |l 10086790 | ||
| 040 | |a GR-MyUa |b gre |e AACR2 | ||
| 041 | 0 | |a gre |a eng | |
| 082 | 7 | |a 731.7600902 |2 (22) | |
| 100 | 1 | |a Κόλλιας, Ηλίας Ε. | |
| 245 | 1 | 2 | |a Η ανάδειξη και η διαχείριση της τάφρου της μεσαιωνικής πόλης της Ρόδου |h [ανάτυπο] = |b The display and management of the medieval town of Rhodes / |c Ηλλίας Ε. Κόλιας. |
| 246 | 1 | |i Παράλληλος τίτλος: |a The display and management of the medieval town of Rhodes | |
| 260 | |a [Ρόδος] : |b Υπουργείο Πολιτισμού, Ταμείο Αρχαιολογικών Πόρων και Απαλλοτριώσεων, |c [200?]. | ||
| 300 | |a 9 σ. : |b εικ. ; |c 28 εκ. | ||
| 500 | |a Ανάτυπο από: Πρακτικά σεμιναρίου, Αξιοποίηση και ανάδειξη της πολιτιστικής κληρονομιάς. | ||
| 504 | |a Περιλαμβάνει βιβλιογραφίες. | ||
| 650 | 0 | |a Monuments |x Conservation and restoration |z Greece |z Rhodes. | |
| 610 | 2 | 0 | |a Παλάτι του Μεγάλου Μαγίστρου (Ρόδος) |
| 852 | |a INST |b RHODES |e 20070123 |h 731.7600902 ΚΟΛ |p 005400023719 |q 005400023719 |t BK |y 0 | ||
| 901 | |a BIBL4-2007-1 | ||
| 970 | |a ΜΙΣΣΟΣ |b ΣΤΑΥΡΟΣ |z 2007/01/23 | ||